España filosófica contemporánea y otros trabajos / (Record no. 166157)

MARC details
000 -LEADER
campo de control de longitud fija 00980nam a2200241 i 4500
001 - NÚMERO DE CONTROL
campo de control 166157
003 - IDENTIFICADOR DE NÚMERO DE CONTROL
campo de control SpMaBN
005 - FECHA Y HORA DE LA ÚLTIMA TRANSACCIÓN
campo de control 20260204134357.0
008 - DATOS DE LONGITUD FIJA--INFORMACIÓN GENERAL
campo de control de longitud fija 180806s1930 sp |||| | spa d
100 1# - ENTRADA PRINCIPAL--NOMBRE DE PERSONA
Nombre de persona Ganivet, Ángel,
Fechas asociadas al nombre 1865-1898
9 (RLIN) 53864
245 10 - MENCIÓN DEL TÍTULO
Título España filosófica contemporánea y otros trabajos /
Mención de responsabilidad, etc. Ángel Ganivet.
250 ## - MENCION DE EDICION
Mención de edición 1ª ed.
260 ## - PUBLICACIÓN, DISTRIBUCIÓN, ETC.
Lugar de publicación, distribución, etc. Madrid :
Nombre del editor, distribuidor, etc. Francisco Beltrán :
-- Victoriano Suárez,
Fecha de publicación, distribución, etc. 1930.
300 ## - DESCRIPCIÓN FÍSICA
Extensión 173 p. ;
Dimensiones 20 cm.
490 1# - MENCIÓN DE SERIE
Mención de serie Obras completas de Ángel Ganivet ;
Designación de volumen o secuencia 9
530 ## - NOTA DISPONIBLE DE FORMULARIO FÍSICO ADICIONAL
Nota de formato físico adicional disponible Disponible en formato digital.
650 07 - PUNTO DE ACCESO ADICIONAL DE MATERIA--TÉRMINO DE MATERIA
Término de materia o nombre geográfico como elemento de entrada Filosofía moderna
Fuente del encabezamiento o término embne
9 (RLIN) 144498
830 0# - PUNTO DE ACCESO ADICIONAL DE SERIE-TÍTULO UNIFORME
Título uniforme Obras completas de Ángel Ganivet ;
Designación de volumen o secuencia 9
9 (RLIN) 188601
852 ## - LOCALIZACIÓN
Ubicación ES-MaACL
Número de control de estantería L-32207
Ubicación en estantería Depósito 2
Donativo/Legado Donante herederos de la biblioteca. de Mª del Pilar Costa Palacín
856 4# - LOCALIZACIÓN Y ACCESO ELECTRÓNICOS
Identificador Uniforme de Recursos <a href="https://www.bibliotecadigitaldeandalucia.es/catalogo/es/consulta/registro.do?id=1000673">https://www.bibliotecadigitaldeandalucia.es/catalogo/es/consulta/registro.do?id=1000673</a>
Texto de enlace Biblioteca Virtual de Andalucía
942 ## - ELEMENTOS DE ENTRADA SECUNDARIOS (KOHA)
Fuente del sistema de clasificación o colocación Clasificación decimal universal
Holdings
Estatus retirado Estado de pérdida Estado de daño No para préstamo Colección Biblioteca de origen Biblioteca actual Ubicación en estantería Fecha de adquisición Fuente de adquisición Total de préstamos Signatura topográfica completa Código de barras Visto por última vez Precio de reemplazo Tipo de ítem Koha
        Colección digital Biblioteca del Ateneo de Madrid Biblioteca del Ateneo de Madrid Depósito 2 17/01/2008     L-32207 1174254 23/02/2023 23/02/2023 Libro impreso